| 000 | 00621nam a2200181Ia 4500 | ||
|---|---|---|---|
| 008 | 100921s9999 xx 000 0 und d | ||
| 082 |
_b31417 _a891.463 थ 99 |
||
| 100 | _aबापट मुकुंद. | ||
| 245 | _aजीवन. | ||
| 260 |
_bसूर्याक्षरविविधा प्रकाशन,पुणे. _c1999 |
||
| 300 |
_a190 _bमयुरेष बुक एजन्सी,कराड |
||
| 365 | _b120 | ||
| 520 | _aललित-कादंबरी. | ||
| 630 | _aजीवन. | ||
| 650 | _aललित-कादंबरी. | ||
| 730 | _aजीवन. | ||
| 942 | _cBOOK | ||
| 999 |
_c780530 _d780527 |
||